Economic laws and practice (Record no. 4950)
[ view plain ]
| 000 -LEADER | |
|---|---|
| fixed length control field | 00370nam a22001457a 4500 |
| 005 - DATE AND TIME OF LATEST TRANSACTION | |
| control field | 20250319130053.0 |
| 008 - FIXED-LENGTH DATA ELEMENTS--GENERAL INFORMATION | |
| fixed length control field | 250319b |||||||| |||| 00| 0 eng d |
| 020 ## - INTERNATIONAL STANDARD BOOK NUMBER | |
| International Standard Book Number | 818281068X |
| 050 ## - LIBRARY OF CONGRESS CALL NUMBER | |
| Classification number | HB 73 KUM |
| Item number | 1 |
| 100 ## - MAIN ENTRY--PERSONAL NAME | |
| Personal name | KUMAR, Sanjeev |
| 245 ## - TITLE STATEMENT | |
| Title | Economic laws and practice |
| 260 ## - PUBLICATION, DISTRIBUTION, ETC. | |
| Place of publication, distribution, etc. | Delhi |
| Name of publisher, distributor, etc. | Vrinda publications |
| Date of publication, distribution, etc. | 2003 |
| 300 ## - PHYSICAL DESCRIPTION | |
| Extent | xlviii,1054p |
| 942 ## - ADDED ENTRY ELEMENTS (KOHA) | |
| Source of classification or shelving scheme | Library of Congress Classification |
| Koha item type | Books |
| Suppress in OPAC | No |
| 999 ## - | |
| -- | 4950 |
| -- | 4950 |
| Withdrawn status | Lost status | Source of classification or shelving scheme | Damaged status | Not for loan | Collection | Home library | Current library | Shelving location | Date acquired | Total checkouts | Full call number | Barcode | Date last seen | Copy number | Price effective from | Koha item type |
|---|---|---|---|---|---|---|---|---|---|---|---|---|---|---|---|---|
| Dewey Decimal Classification | Non-fiction | Graduate Library (Christ Temple) | Graduate Library (Christ Temple) | General stacks | 03/19/2025 | HB 73 KUM | GSCT00000689 | 03/19/2025 | 1 | 03/19/2025 | Books | |||||
| Dewey Decimal Classification | Non-fiction | Graduate Library (Christ Temple) | Graduate Library (Christ Temple) | General stacks | 03/19/2025 | HB 73 KUM | GSCT00000690 | 03/19/2025 | 2 | 03/19/2025 | Books | |||||
| Dewey Decimal Classification | Non-fiction | Graduate Library (Christ Temple) | Graduate Library (Christ Temple) | General stacks | 03/19/2025 | HB 73 KUM | GSCT00000691 | 03/19/2025 | 3 | 03/19/2025 | Books | |||||
| Dewey Decimal Classification | Non-fiction | Graduate Library (Christ Temple) | Graduate Library (Christ Temple) | General stacks | 03/19/2025 | HB 73 KUM | GSCT00000692 | 03/19/2025 | 4 | 03/19/2025 | Books |